Основы технологии переработки пластмасс: учебник

Dettagli Bibliografici
Altri autori: Кулезнев В. Н. Валерий Николаевич (редактор), Гусев В. К.
Riassunto:В учебнике изложены принципы создания композиционных материалов на основе термо- и реактопластов, описаны основные методы формования пластмасс и композитов на их основе. Содержатся данные по выбору пластмасс для создания изделий конкретного целевого назначения. По сравнению с первым изданием материал существенно обновлен, внесены необходимые исправления и дополнения. Введен раздел, посвященный моделированию процессов переработки пластмасс, отражающий применение математических методов количественного анализа поведения полимерных материалов в разных процессах переработки. Для студентов и аспирантов, специализирующихся в области создания композиционных материалов на основе полимеров, выбора методов формования созданных материалов, а также занимающихся расчетом и конструированием изделий и технологической оснастки. Книга может быть полезна широкому кругу инженерно-технических работников, занятых переработкой пластмасс как в химической промышленности, так и в смежных отраслях.
Lingua:russo
Pubblicazione: Москва, Мир, 2006
Edizione:2-е изд., испр. и доп.
Serie:Для высшей школы
Технология переработки полимеров
Soggetti:
Natura: MixedMaterials Libro
KOHA link:https://koha.lib.tpu.ru/cgi-bin/koha/opac-detail.pl?biblionumber=101746

MARC

LEADER 00000nam0a2200000 4500
001 101746
005 20231031112732.0
010 |a 5030037640 
035 |a (RuTPU)RU\TPU\book\109705 
090 |a 101746 
100 |a 20060915d2006 m y0rusy50 ca 
101 0 |a rus 
102 |a RU 
105 |a a j 001zy 
200 1 |a Основы технологии переработки пластмасс  |e учебник  |f под ред. В. Н. Кулезнева; В. К. Гусева 
205 |a 2-е изд., испр. и доп. 
210 |a Москва  |c Мир  |d 2006 
215 |a 600 с.  |c ил. 
225 1 |a Для высшей школы 
225 1 |a Технология переработки полимеров  |h Ч. 1 
320 |a Библиография в конце глав. 
330 |a В учебнике изложены принципы создания композиционных материалов на основе термо- и реактопластов, описаны основные методы формования пластмасс и композитов на их основе. Содержатся данные по выбору пластмасс для создания изделий конкретного целевого назначения. По сравнению с первым изданием материал существенно обновлен, внесены необходимые исправления и дополнения. Введен раздел, посвященный моделированию процессов переработки пластмасс, отражающий применение математических методов количественного анализа поведения полимерных материалов в разных процессах переработки. Для студентов и аспирантов, специализирующихся в области создания композиционных материалов на основе полимеров, выбора методов формования созданных материалов, а также занимающихся расчетом и конструированием изделий и технологической оснастки. Книга может быть полезна широкому кругу инженерно-технических работников, занятых переработкой пластмасс как в химической промышленности, так и в смежных отраслях. 
451 1 |0 (RuTPU)RU\TPU\book\72267  |y 5-03-003543-5  |t Основы технологии переработки пластмасс  |o учебное пособие для студентов вузов  |f С. В. Власов, Л. Б. Кандырин, В. Н. Кулезнев и др.  |g Под ред. В. Н. Кулезнева, В. К. Гусева  |c М.  |n Химия  |d 2004  |p 597 с.  |s Для высшей школы 
451 |y 5-7245-1236-X 
610 1 |a пластические массы 
610 1 |a пластмассы 
610 1 |a получение 
610 1 |a полимеры 
610 1 |a термопласты 
610 1 |a реактопласты 
610 1 |a эластомеры 
610 1 |a полимерные композиционные материалы 
610 1 |a формование 
610 1 |a изделия 
610 1 |a каландрование 
610 1 |a экструзия 
610 1 |a прессование 
610 1 |a литье под давлением 
610 1 |a виброформование 
610 1 |a переработка 
610 1 |a процессы 
610 1 |a моделирование 
610 1 |a учебники 
675 |a 678.5.02(075.8)  |v 3 
702 1 |a Кулезнев  |b В. Н.  |g Валерий Николаевич  |4 340 
702 1 |a Гусев  |b В. К.  |4 340 
801 1 |a RU  |b 63413507  |c 20060915  |g PSBO 
801 2 |a RU  |b 63413507  |c 20091119  |g PSBO 
900 |a Технология пластических масс 
900 |a Композиционные материалы 
900 |a Химия и технология пластических масс 
900 |a Химическая технология полимеров 
900 |a Основы технологии переработки пластмасс 
942 |c BK 
952 |b 240502  |b 240500 
959 |a 82/20060914  |d 2  |e 602,00  |f НФ:2